000 00529nam a2200181 a 4500
001 000042702
005 20201002040332.0
008 140205s1994 sp ac 000 0 spa d
020 _a8487270093
040 _aDO-SdBNP
_bspa
_cBNPHU
082 _axxx
_bB632L
100 1 _aLatorre, José María
_c1945-
_921901
245 1 0 _aBlade Runner :
_bAmarcord /
_cJosé María Latorre.
260 _aBarcelona :
_bDirigido,
_c1994.
300 _a143 p. :
_bil. ;
_c20 cm.
490 1 _aPrograma doble
_v2
830 0 _aPrograma doble
_n2
_970013
999 _c42191
_d42191